Plasma–liquid interaction during a pulsed vacuum breakdown; Journal of Applied Physics; Vol. 129, iss. 13

Detaylı Bibliyografya
Parent link:Journal of Applied Physics
Vol. 129, iss. 13.— 2021.— [133301, 10 p.]
Müşterek Yazar: Национальный исследовательский Томский политехнический университет Инженерная школа неразрушающего контроля и безопасности Отделение контроля и диагностики
Diğer Yazarlar: Barengolts S. A. Sergey Aleksandrovich, Uymanov I. V., Oreshkin V. I. Vladimir Ivanovich, Khishchenko K. V., Oreshkin E. V. Evgeny Vladimirovich
Özet:Title screen
The dynamics of phase changes in the material of a copper cathode during the explosion of a microprotrusion on its surface under the action of the explosive electron emission current has been numerically simulated. Numerical data have been obtained that characterize the interaction of the liquid metal and the dense cathode plasma that are formed due to the microprotrusion explosion. It has been shown that, under the action of the pressure exerted by the plasma, the liquid metal is almost completely displaced from the zone of operation of the cathode spot of the vacuum discharge. This leads to the formation of a crater on the cathode surface with microirregularities at its edge. Thus conditions are created for the formation of new microprotrusions, which, when exploding, provide self-sustained and cyclic operation of the vacuum discharge.
Dil:İngilizce
Baskı/Yayın Bilgisi: 2021
Konular:
Online Erişim:https://doi.org/10.1063/5.0044303
Materyal Türü: MixedMaterials Elektronik Kitap Bölümü
KOHA link:https://koha.lib.tpu.ru/cgi-bin/koha/opac-detail.pl?biblionumber=666454

MARC

LEADER 00000naa0a2200000 4500
001 666454
005 20250215172009.0
035 |a (RuTPU)RU\TPU\network\37658 
035 |a RU\TPU\network\36198 
090 |a 666454 
100 |a 20211224d2021 k||y0rusy50 ba 
101 0 |a eng 
102 |a US 
135 |a drcn ---uucaa 
181 0 |a i  
182 0 |a b 
200 1 |a Plasma–liquid interaction during a pulsed vacuum breakdown  |f S. A. Barengolts, I. V. Uymanov, V. I. Oreshkin [et al.] 
203 |a Text  |c electronic 
300 |a Title screen 
320 |a [References: 39 tit.] 
330 |a The dynamics of phase changes in the material of a copper cathode during the explosion of a microprotrusion on its surface under the action of the explosive electron emission current has been numerically simulated. Numerical data have been obtained that characterize the interaction of the liquid metal and the dense cathode plasma that are formed due to the microprotrusion explosion. It has been shown that, under the action of the pressure exerted by the plasma, the liquid metal is almost completely displaced from the zone of operation of the cathode spot of the vacuum discharge. This leads to the formation of a crater on the cathode surface with microirregularities at its edge. Thus conditions are created for the formation of new microprotrusions, which, when exploding, provide self-sustained and cyclic operation of the vacuum discharge. 
338 |b Российский фонд фундаментальных исследований  |d 20-08-00378 
338 |b Российский фонд фундаментальных исследований  |d 19-08-01004 
338 |b Российский фонд фундаментальных исследований  |d 20-21-00036 
338 |b Российский научный фонд  |d 20-19-00323 
461 |t Journal of Applied Physics 
463 |t Vol. 129, iss. 13  |v [133301, 10 p.]  |d 2021 
610 1 |a электронный ресурс 
610 1 |a труды учёных ТПУ 
610 1 |a воздействие 
610 1 |a плазма 
610 1 |a импульсный пробой 
610 1 |a численное моделирование 
610 1 |a фазовые изменения 
610 1 |a жидкие металлы 
610 1 |a вакуумные разряды 
701 1 |a Barengolts  |b S. A.  |g Sergey Aleksandrovich 
701 1 |a Uymanov  |b I. V. 
701 1 |a Oreshkin  |b V. I.  |c specialist in the field of non-destructive testing  |c Senior researcher of Tomsk Polytechnic University, Doctor of physical and mathematical sciences  |f 1960-  |g Vladimir Ivanovich  |3 (RuTPU)RU\TPU\pers\33779 
701 1 |a Khishchenko  |b K. V. 
701 1 |a Oreshkin  |b E. V.  |g Evgeny Vladimirovich 
712 0 2 |a Национальный исследовательский Томский политехнический университет  |b Инженерная школа неразрушающего контроля и безопасности  |b Отделение контроля и диагностики  |3 (RuTPU)RU\TPU\col\23584 
801 2 |a RU  |b 63413507  |c 20211224  |g RCR 
856 4 |u https://doi.org/10.1063/5.0044303 
942 |c CF